ბათუმის შოთა რუსთაველის სახელმწიფო უნივერსიტეტის ბიბლიოთეკა

ღია მმართველობის პარტნიორობის საქართველოს 2014-2015 წლ ების სამოქმედო გეგმა =Open government partnership action plan of Georgia 2014-2015 / (ბიბ.ჩანაწერი № 46492)

000 -ლიდერი
ფიქსირებული სიგრძის საკონტროლო ველი 01340nam a2200229Ia 4500
001 - საკონტროლო ნომერი
საკონტროლო ველი 13331
003 - საკონტროლო ნომრის იდენტიფიკატორი
საკონტროლო ველი GE_BSU
005 - ბოლო ოპერაციის თარიღი და დრო
საკონტროლო ველი 20240902154209.0
008 - ფიქსირებული სიგრძის მონაცემთა ელემენტები - ზოგადი ინფორმაცია
ფიქსირებული სიგრძის საკონტროლო ველი 181216s2014||||ge |||||||||||||| ||geo||
040 ## - კატალოგიზაციის წყარო
Transcribing agency GE_BSU
041 ## - ენის კოდი
Language code of text/sound track or separate title geo
080 ## - უნივერსალური ათობითი კლასიფიკაციის ინდექსი
Universal Decimal Classification number 340 ღ-64
245 ## - ცნობა სათაურის შესახებ
Title ღია მმართველობის პარტნიორობის საქართველოს 2014-2015 წლ ების სამოქმედო გეგმა =Open government partnership action plan of Georgia 2014-2015 /
Statement of responsibility, etc საქართველოს იუსტიციის სამინისტრო, USAID.
264 ## - წარმოების, გამოცემის, დისტრიბუციის და სხვა ცნობები
გამოცემის, წარმოების, დისტრიბუციის... ადგილი თბილისი :
გამოცემის, წარმოების, დისტრიბუციის... თარიღი 2014.
300 ## - ფიზიკური აღწერა
Extent 74 გვ. :
Other physical details ცხრ. ;
Dimensions 30სმ.
500 ## - ზოგადი შენიშვნა
General note წაღმა-უკუღმა წიგნი
500 ## - ზოგადი შენიშვნა
General note ტექსტი ქართულ და ინგლისურ ენებზე
500 ## - ზოგადი შენიშვნა
General note აღწერილია ყდიდან
653 ## - INDEX TERM--UNCONTROLLED
Uncontrolled term ღია მმართველობის პარტნიორობის საქართველოს 2014-2015 წლების სამოქმედო გეგმა
653 ## - INDEX TERM--UNCONTROLLED
Uncontrolled term სახელმწიფო მართვის ზედამხედველობა საქართველოში
942 ## - ADDED ENTRY ELEMENTS (KOHA)
Koha item type წიგნი
Source of classification or shelving scheme
ეგზემპლარები
ჩამოწერის სტატუსი დაკარგული ეგზემპლარის სტატუსი კლასიფიკაციის წყარო ან თაროზე გაწყობის სქემა დაზიანების სტატუსი არ გაიცემა მუდმივი მდებარეობა (დაცვის ადგილი) ამჟამინდელი ადგილსამყოფელი თაროზე განთავსების ადგილი შეძენის თარიღი სრული შენახვის შიფრი შტრიხკოდი ბოლო ოპერაციის თარიღი ეგზემპლარის მიმდევრობითი ნომერი (კეტერი?) ფასის ძალაში შესვლის თარიღი ეგზემპლარის სახეობა
          ბათუმის შოთა რუსთაველის სახელმწიფო უნივერსიტეტის მთავარი ბიბლიოთეკა ბათუმის შოთა რუსთაველის სახელმწიფო უნივერსიტეტის მთავარი ბიბლიოთეკა წიგნსაცავი 2018-12-17 340 ღ-64 27239 2018-12-17 27239 2018-12-17 წიგნი